[Event "EU-Cup 01st final"]
[Site "Solingen"]
[Date "1976.05.09"]
[Round "4.2"]
[White "Huebner, Robert"]
[Black "Smyslov, Vassily V"]
[Result "1/2-1/2"]
[WhiteElo "2585"]
[BlackElo "2580"]
[Annotator "Hecht,H"]
[PlyCount "100"]
[EventDate "1976.05.08"]
[EventType "team-match"]
[EventRounds "3"]
[EventCountry "GER"]
[SourceTitle "MCD"]
[Source "ChessBase"]
[SourceDate "1999.07.01"]
[SourceVersion "1"]
[SourceVersionDate "1999.07.01"]
[SourceQuality "1"]
[WhiteTeam "Solingen SG"]
[BlackTeam "Burevestnik"]
[WhiteTeamCountry "GER"]
[BlackTeamCountry "URS"]

{Infolge Hübners etwas zu optimistischer Stellungsbeurteilung, erhält Smyslow
ein besseres, aber schwer zu spielendes Doppelturmendspiel. Statt 27. f5
sollte übrigens sofort Taa1 geschehen.} 1. c4 e5 2. Nc3 Nc6 3. Nf3 Nf6 4. d3 d6
5. g3 g6 6. Bg2 Bg7 7. O-O O-O 8. Rb1 a5 9. a3 Nd4 10. Nxd4 exd4 11. Nb5 Ng4
12. h3 c6 13. hxg4 Bxg4 14. a4 cxb5 15. axb5 Re8 16. Bf3 Bxf3 17. exf3 d5 18.
b3 dxc4 19. bxc4 Bf8 20. Ra1 b6 21. f4 Qd7 22. Qf3 h5 23. Kg2 Qg4 24. Ba3 Bxa3
25. Rxa3 Qxf3+ 26. Kxf3 Rac8 27. f5 Rc5 28. fxg6 fxg6 29. Raa1 Rce5 30. Kg2 g5
31. Rfc1 Rc8 32. Re1 Rce8 33. Rec1 Ra8 34. c5 Rxc5 35. Rxc5 bxc5 {Nach} 36. Rc1
$1 {gerät Smyslow sichtlich in Verlegehenheit,[#]} Rc8 ({wie die Variante} 
36... a4 37. Rxc5 a3 38. b6 a2 39. b7 a1=Q 40. Rc8+ {beweist. Das schließlich
kurz vor und auch bei Abbruch entstehende Turmendspiel ist remis, was die
Analyse auch zeigte. Die passive Turmstellung auf a1 verhindert die Verwertung
der weißen Bauernmehrheit.}) 37. b6 Kh7 38. b7 Rb8 39. Rxc5 Rxb7 40. Rxg5 Ra7
41. Rxh5+ Kg6 42. g4 a4 43. Kf3 a3 44. Rh1 a2 45. Ra1 Kg5 46. Kg3 Ra3 47. f3
Kf6 48. Kf4 Ra8 49. Ke4 Kg5 50. Ke5 Ra4 1/2-1/2

[Event "Moscow5"]
[Site "Moscow"]
[Date "1995.??.??"]
[Round "11"]
[White "Nesterov, Yakov"]
[Black "Fedorov, Alexei"]
[Result "0-1"]
[WhiteElo "2470"]
[BlackElo "2540"]
[Annotator "Hecht,H"]
[PlyCount "129"]
[EventDate "1995.??.??"]
[EventType "tourn"]
[EventRounds "11"]
[EventCountry "RUS"]
[EventCategory "10"]
[SourceTitle "CBM 049"]
[Source "ChessBase"]
[SourceDate "1995.12.01"]
[SourceVersion "1"]
[SourceVersionDate "1995.12.01"]
[SourceQuality "1"]

1. Nf3 Nf6 2. c4 g6 3. Nc3 Bg7 4. g3 O-O 5. Bg2 d6 6. O-O e5 7. d3 Nc6 8. Bg5
h6 9. Bxf6 Bxf6 10. Rb1 Bg7 11. b4 a6 12. a4 f5 13. b5 axb5 14. axb5 Ne7 15.
Nd2 e4 16. Qc2 exd3 17. Qxd3 f4 18. Nd5 Nxd5 19. cxd5 Ra2 20. Rb4 g5 21. gxf4
gxf4 22. Kh1 Kh8 23. Be4 Qf6 24. Nf3 Bd7 25. b6 Rc8 26. Qc4 Qc3 27. Qxc3 Bxc3
28. Rc4 Ba5 29. Bd3 Bxb6 30. Rxf4 Bh3 31. Rb1 Rg8 32. Nh4 Rg5 33. e3 Rd2 34.
Be4 Kg7 35. Ra1 Bc5 36. Rf3 Bg4 37. Rf4 b5 38. h3 Bxh3 39. Kh2 Bd7 40. Kh1 Rg4
41. Rxg4+ Bxg4 42. Rg1 Rd1 43. Nf5+ Kf6 44. Nxh6 Rxg1+ 45. Kxg1 {[%csl Rd5]
starkes Läuferpaar bei offener Stellung und je einem Freibauern; weiße
Bauernschwäche d5} Be2 46. Nf5 b4 47. f3 b3 48. Kf2 Bc4 49. Ng3 b2 50. Bb1 Ke5
51. Ne4 Bb4 52. f4+ Kxd5 53. Kf3 c5 54. Ng5 Bb3 55. Ke2 c4 56. Be4+ Kc5 57.
Ne6+ Kb6 58. Bb1 Bc5 59. Kd2 c3+ 60. Kxc3 Bxe6 61. f5 Bf7 62. e4 Ba3 63. Kd4
Bb4 64. e5 dxe5+ 65. Kxe5 0-1

[Event "POL-ch 57th"]
[Site "Plock"]
[Date "2000.05.29"]
[Round "2"]
[White "Markowski, Tomasz"]
[Black "Kuczynski, Robert"]
[Result "1-0"]
[WhiteElo "2531"]
[BlackElo "2451"]
[Annotator "Konikowski,J"]
[PlyCount "121"]
[EventDate "2000.04.28"]
[EventType "tourn"]
[EventRounds "13"]
[EventCountry "POL"]
[EventCategory "10"]
[SourceTitle "CBM 078"]
[Source "ChessBase"]
[SourceDate "2000.10.18"]
[SourceVersion "1"]
[SourceVersionDate "2000.10.18"]
[SourceQuality "1"]

1. Nf3 d6 2. c4 f5 3. Nc3 Nf6 4. g3 g6 5. Bg2 Bg7 6. O-O O-O 7. d3 Nc6 8. Rb1
e5 9. b4 h6 10. b5 Ne7 11. Ba3 (11. Ne1 g5 12. Nc2 c6 13. bxc6 bxc6 14. Ba3 Be6
15. Rb7 Rf7 16. Qd2 d5 17. cxd5 cxd5 18. d4 e4 19. Rfb1 Nc6 20. Rxf7 Bxf7 21.
Bc5 Nd7 22. Na4 Rb8 23. Rb3 Nxc5 24. Nxc5 $14 {Martinovic,S-Psakhis,L/Geneve
1992/}) 11... Be6 12. Nd2 Rb8 13. Qa4 $146 {[%mdl 8]} (13. Qb3 Qd7 14. Nd5 b6
15. Nb4 Rf7 16. Bb2 Kh8 17. d4 exd4 18. Bxd4 Rbf8 19. e3 g5 20. f4 g4 21. Rfd1
h5 22. Qa3 h4 23. Bxf6 Rxf6 24. Qxa7 Bg8 25. Rdc1 Re6 26. Nf1 h3 27. Bh1 Qc8
28. Na6 Rxe3 29. Nxe3 Bd4 30. Rb3 Qe6 31. Kf2 Nc8 32. Qxc7 Rf7 33. Bd5 {
1-0 Radjabov,T-Papp,G/Murek 1998/}) 13... Nd7 14. Bb4 (14. Qxa7 $2 Ra8 15. Qxb7
Rxa3 $19) 14... Nc8 15. Qc2 g5 16. Nd5 Nc5 (16... c6 17. Nc3 Qc7 18. f4 $14)
17. Nb3 b6 $2 (17... Nxb3 $142 $5 18. Rxb3 f4 $132) 18. Bc3 a5 (18... Ne7 19.
Nxc5 dxc5 20. Nxe7+ Qxe7 21. Rb3 $16 {/\Ra3}) 19. Nxc5 dxc5 20. Qb2 Bxd5 21.
Bxd5+ Kh7 22. Bxe5 Bxe5 23. Qxe5 Qe7 24. Qxe7+ (24. Be6 $5 Kg6 25. e4 fxe4 26.
dxe4 Qd6 27. Bf5+ Kf7 28. Qb2 Qd4 29. Qe2 Nd6 30. Qh5+ Ke7 31. Qxh6 $18) 24...
Nxe7 25. Bg2 f4 26. Be4+ Kg7 27. e3 Rbd8 28. Rbd1 Rd6 29. Kg2 Re6 30. Rfe1 f3+
31. Kg1 (31. Bxf3 $5 Ref6 32. Be2 Rxf2+ 33. Kg1 $16) 31... g4 32. h3 h5 33. h4
Rd8 34. Kf1 Kf6 35. a4 Kg7 36. Rc1 Kf6 37. Red1 Red6 38. Ke1 Ke5 39. Kd2 Ng8
40. Kc3 Nf6 41. Bc6 Ke6 42. Rd2 Ke5 43. Rcd1 Kf5 44. Bb7 R6d7 45. Be4+ Ke6 46.
Bc6 Rd6 47. d4 Rxc6 (47... cxd4+ 48. exd4 Kf7 49. Re1 $16) 48. bxc6 (48. d5+ $2
Kf5 49. dxc6 Ne4+ 50. Kc2 Nxd2 51. Rxd2 Rxd2+ 52. Kxd2 Ke5 53. Kd3 Kf5 54. e4+
Ke6 55. Ke3 Ke5 $11) 48... Ne4+ 49. Kc2 Nxd2 50. Rxd2 Kf6 (50... cxd4 51. Rxd4
$1) 51. Kc3 Rd6 52. e4 $1 (52. dxc5 $2 Rxd2 53. Kxd2 bxc5 54. Kc2 Ke6 55. Kc3
Kd6 56. Kd3 Ke5 $11) 52... cxd4+ 53. Rxd4 Rxc6 54. Rd5 Rc5 (54... Kg6 $5) 55.
Kd4 Ke6 56. Rd8 Re5 $4 {[%mdl 8192]} (56... Kf7 $142) 57. Re8+ Kd6 58. Rxe5 c5+
59. Kd3 Kxe5 60. Ke3 Kd6 61. Kf4 (61. Kf4 Ke6 62. e5 $18) 1-0

[Event "EU-chT (Men) 12th"]
[Site "Batumi"]
[Date "1999.12.02"]
[Round "4.4"]
[White "Markowski, Tomasz"]
[Black "Nevednichy, Vladislav"]
[Result "0-1"]
[WhiteElo "2557"]
[BlackElo "2537"]
[Annotator "Konikowski,J"]
[PlyCount "86"]
[EventDate "1999.11.06"]
[EventType "team-swiss"]
[EventRounds "9"]
[EventCountry "GEO"]
[SourceTitle "CBM 074"]
[Source "ChessBase"]
[SourceDate "2000.02.01"]
[SourceVersion "1"]
[SourceVersionDate "2000.02.01"]
[SourceQuality "1"]
[WhiteTeam "Poland"]
[BlackTeam "Romania"]
[WhiteTeamCountry "POL"]
[BlackTeamCountry "ROU"]

1. g3 g6 2. Bg2 Bg7 3. c4 Nf6 4. Nc3 O-O 5. d3 d6 6. e4 e5 7. Nge2 Nc6 8. O-O
a5 9. h3 Nd7 10. Be3 Nc5 11. f4 (11. Qd2 Ne6 12. f4 Ned4 (12... f5 13. exf5
gxf5 14. Kh2 Ncd4 15. Rae1 c6 16. fxe5 dxe5 17. Bh6 Bxh6 18. Qxh6 Nc2 19. Rc1
Nb4 20. Rcd1 Nc2 21. Qd2 Ncd4 22. Nxd4 Nxd4 23. Rde1 Qd6 24. Ne2 Bd7 25. Nxd4
Qxd4 26. Re2 Rae8 27. Qxa5 Qxd3 28. Rd2 Ra8 29. Rxd3 Rxa5 30. Rxd7 $18 {
Njirjak,J-Jankovic,B/Porec 1998/}) 13. Rab1 f5 14. exf5 Nxf5 15. Bf2 Ncd4 16.
Nxd4 exd4 17. Ne4 Kh8 18. Rfe1 d5 19. cxd5 Qxd5 $13 {Sudar,B-Krstic,U/Tucepi
1996/}) 11... Nd4 12. g4 f5 13. exf5 gxf5 14. g5 c6 15. Qd2 a4 16. Rae1 Qa5 17.
Rb1 Nxe2+ 18. Qxe2 Bd7 (18... Ne6 $5) 19. Qd2 Ne6 20. Ne2 Qxd2 21. Bxd2 Nc5 22.
fxe5 dxe5 23. Bb4 Nxd3 $5 24. Bxf8 Rxf8 (24... Kxf8 $2 25. Be4 $1) (24... Bxf8
25. Rbd1 Nc5 26. Ng3 (26. h4 $14) 26... f4 27. Nh5 $14) 25. Rbd1 Nc5 26. b4
axb3 27. axb3 Be6 28. Rd6 e4 29. Nf4 Bf7 30. b4 Na6 31. Ne6 (31. b5 Be5 32.
Rdd1 Nc5 $17) 31... Bxe6 32. Rxe6 Nxb4 33. Re7 b6 34. h4 c5 (34... Nc2 $5) 35.
Re6 Bd4+ 36. Kh2 Nd3 (36... Nc2 $5 37. Rxb6 Ne3 38. Rc1 Ra8 {/\Ra8-a2}) 37. Rb1
Nf4 38. Rexb6 Nxg2 39. Kxg2 f4 40. Re6 f3+ 41. Kg3 f2 42. Rf1 $2 (42. Kg2 $142
$1 Rf4 43. Kf1 Rxh4 44. Ke2 $14) 42... e3 43. h5 h6 $1 (43... h6 44. gxh6 Kh7
45. Kg2 Rf5 $19) 0-1

[Event "Dieren op"]
[Site "Dieren"]
[Date "2007.07.30"]
[Round "6"]
[White "Reinderman, Dimitri"]
[Black "L'Ami, Erwin"]
[Result "0-1"]
[WhiteElo "2506"]
[BlackElo "2598"]
[Annotator "L'Ami,E"]
[PlyCount "60"]
[EventDate "2007.07.24"]
[EventType "swiss"]
[EventRounds "9"]
[EventCountry "NED"]
[SourceTitle "CBM 124"]
[Source "ChessBase"]
[SourceDate "2008.05.28"]
[SourceVersion "1"]
[SourceVersionDate "2008.05.28"]
[SourceQuality "1"]

{Reinderman was leading the tournament with 4.5 out of 5. After a first-round
loss I made 4 out of 4 and was now half a point behind the leader. This game
proved to be a turning point in the tournament.} 1. c4 e5 2. Nc3 Nf6 3. Nf3 Nc6
4. a3 g6 5. g3 Bg7 6. Bg2 O-O 7. d3 d6 8. Bg5 h6 9. Bxf6 Bxf6 10. O-O Be6 11.
Nd2 Qd7 12. b4 $6 {A strategical error allowing Black to exchange bishops on
h3. White is better off playing the prophylactic 12.Re1.} Bg7 ({The immediate} 
12... Bh3 {runs into} 13. Nd5 {so Black first removes his bishop from f6 
(creating the threat e5-e4) and only then plays Bh3.}) 13. Rc1 Bh3 14. Bxh3
Qxh3 15. e3 Nd8 $5 {With my knight going to e6 and some f5-f4 ideas in mind I
was pretty satisfied with my position.} 16. Qf3 {Preventing Ne6, for the
moment.} Qd7 17. b5 c6 18. a4 a5 $1 {A typical reaction, White faces a problem
how to make progress on the kingside.} 19. Nb3 Ne6 20. Rfd1 $6 ({It is
essential to stop Black's actions on the queenside with} 20. Qg2 f5 21. f4 {
although after for example} Rfe8 {Black is slightly better.}) 20... f5 21. d4 (
{Now} 21. Qg2 {runs into} f4 $1 22. gxf4 exf4 23. Qxg6 Ng5 {crashing through.})
21... Ng5 22. Qe2 $6 ({Much tougher is} 22. Qg2 f4 23. Kh1 $1 {when} ({or} 23.
dxe5 fxe3 24. f4 Nh3+ 25. Kh1 Nf2+ 26. Kg1 Nxd1 27. Rxd1 Qf7 $1 {winning.})
23... fxe3 (23... f3 24. Qf1 {sort of holds for White.}) 24. fxe3 exd4 25. exd4
Nf3 {gives Black the initiative.}) 22... f4 23. dxe5 fxg3 24. f4 Nh3+ 25. Kg2
Rxf4 $1 {Decisive.} 26. Rxd6 ({The alternative is} 26. Nc5 Qf5 27. Nd3 Rf2+ $5
28. Nxf2 Nxf2 29. hxg3 Nxd1 {with a winning position.}) 26... Qf5 27. Rf1 Rxf1
28. Qxf1 Qxf1+ 29. Kxf1 gxh2 30. Kg2 Nf2 ({White resigns; after} 30... Nf2 31.
Kxh2 Bxe5+ {the win is easy.}) 0-1

[Event "Interzonal-15"]
[Site "Manila"]
[Date "1990.??.??"]
[Round "8"]
[White "Vaganian, Rafael A"]
[Black "Lautier, Joel"]
[Result "0-1"]
[WhiteElo "2630"]
[BlackElo "2570"]
[Annotator "Lautier,J"]
[PlyCount "114"]
[EventDate "1990.06.29"]
[EventType "swiss"]
[EventRounds "13"]
[EventCountry "PHI"]
[SourceTitle "CBM 019"]
[Source "ChessBase"]
[SourceDate "1990.12.01"]
[SourceVersion "1"]
[SourceVersionDate "1990.12.01"]
[SourceQuality "1"]

1. Nf3 {Ribli} Nf6 2. g3 g6 3. Bg2 Bg7 4. c4 O-O 5. Nc3 d6 6. O-O e5 7. d3 Nc6
8. Rb1 a5 9. a3 Re8 10. Bg5 $5 (10. Nd2 {Ribli} Bg4 11. b4 axb4 12. axb4 Qd7
13. b5 Nd8 14. Re1 Bh3 15. Bh1 c6 $10 {Ortega-Boudy Cuba ch 1985}) 10... h6 11.
Bxf6 Bxf6 12. b4 axb4 13. axb4 Bg7 14. b5 Ne7 15. Nd2 $6 (15. Qb3 Be6 (15... c6
{Ribli} 16. Nd2 Be6 17. Rfc1 d5 18. bxc6 bxc6 19. cxd5 cxd5 20. Nb5 Qa5 21. Qc3
Qxc3 22. Nxc3 Rec8 $10 {Smejkal-Bischoff Munich 1988}) 16. Nd2 c6 $10) (15. Ne1
{Ribli} c6 16. Nc2 Be6 17. Nb4 Qd7 18. Qb3 Red8 $10 {Anastasian,A-Akopian,V
Erevan 1988 CBM 8}) 15... e4 $1 16. Qc2 (16. Ncxe4 {Ribli} f5 $19) 16... e3 $1
17. fxe3 Nf5 18. Nd1 h5 $1 {/\h5-h4} (18... Nxe3 19. Nxe3 Rxe3 20. Bd5 Be6 21.
Bxe6 Rxe6 22. e4 $10) 19. Rxf5 $5 gxf5 (19... Bxf5 {Ribli} 20. Bxb7) 20. Nf1 (
20. h4 f4 $1 21. gxf4 Qxh4 22. Nf3 Qg3 $17) 20... h4 (20... Qf6 $6 21. h4 $1
$10) 21. Nc3 hxg3 22. hxg3 Qg5 23. Nd5 c6 $1 24. bxc6 bxc6 25. Nf4 $1 $8 (25.
Nc7 Rxe3 $1 26. Nxa8 (26. Nxe3 Bd4 $1 27. Kf1 (27. Nxa8 Qxe3+ 28. Kh2 Qh6+ 29.
Bh3 f4 30. g4 Bxg4 31. Rb8+ Kg7 $19 {Ribli}) 27... Bxe3 28. Ke1 Qxg3+ 29. Kd1
Qxg2 $19) 26... Bd4 27. Kh1 f4 $1 28. Rb8 (28. gxf4 Rh3+ $1 29. Nh2 Rxh2+ $19)
28... Qh5+ 29. Nh2 fxg3 30. Rxc8+ Kg7 $19) 25... Rxe3 $1 26. Bf3 $1 (26. Nxe3
Qxg3 27. Nf1 Qxf4 28. e3 Qg5 $17) 26... Be5 $5 (26... Re7 27. Bxc6 $15) 27. Kf2
Rxf3+ 28. exf3 Bxf4 29. gxf4 Qxf4 $15 30. Qb2 $1 Qh4+ 31. Ke2 Bd7 (31... f4 $6
32. Nd2 Qh2+ 33. Kd1 Bf5 34. Kc2 Re8 35. Qf6 $13) 32. Nd2 Re8+ 33. Kd1 c5 $1 {
/\Ba4} 34. Ra1 Qf2 35. Qf6 Re1+ 36. Kc2 Rxa1 37. Qxa1 Qe3 38. Qa7 Qe6 39. f4
Bc6 40. Qa6 Bg2 $15 41. Qb6 {/\d3-d4} Qf6 42. Nb3 Kg7 43. Qa5 {/\Qa5-c3} Bc6 $1
44. Qc3 $2 (44. Qa6 Bf3 $1 45. Qa5 (45. Qa1 $2 Qxa1 46. Nxa1 Bc6 $1 47. Kb3 Kg6
48. Nc2 Kh5 49. Ne3 Bd7 50. Kc3 Kh4 $19) 45... Kg6 $17 46. Qc3 $2 Bd1+ $19) (
44. Qa6 {Ribli}) 44... Ba4 $19 45. d4 (45. Qa5 Qa1 $1 $19) (45. Qe1 Qd4 46. Qf1
Kf6 47. Qf3 Qa1 $19) 45... Qxd4 46. Qxd4+ cxd4 47. Kb2 Bxb3 48. Kxb3 Kg6 49.
Kc2 Kh5 50. Kd3 Kg4 51. Kxd4 Kxf4 52. Kd5 Ke3 53. Kxd6 f4 54. c5 f3 55. c6 f2
56. c7 f1=Q 57. c8=Q Qf6+ {58.Kd5 Qd4 -+} 0-1

[Event "ARM-ch 72nd"]
[Site "Yerevan"]
[Date "2012.01.18"]
[Round "7"]
[White "Petrosian, Tigran L"]
[Black "Babujian, Levon"]
[Result "1-0"]
[WhiteElo "2636"]
[BlackElo "2474"]
[Annotator "Let's Check"]
[PlyCount "87"]
[EventDate "2012.01.11"]
[EventType "tourn"]
[EventRounds "11"]
[EventCountry "ARM"]
[EventCategory "13"]
[SourceTitle "CBM 147"]
[Source "ChessBase"]
[SourceDate "2012.03.16"]
[SourceVersion "1"]
[SourceVersionDate "2012.03.16"]
[SourceQuality "1"]

1. g3 e5 2. c4 Nc6 3. Bg2 g6 4. Nc3 Bg7 5. d3 d6 6. e4 h5 7. h4 Nd4 8. Bg5 Bf6
9. Be3 c6 10. Bxd4 exd4 11. Nce2 Nh6 12. Nf3 Ng4 13. Qd2 Qb6 14. O-O a5 15. b3
O-O 16. a3 Re8 17. Rab1 Bg7 18. Nh2 Qc5 19. Ra1 b5 20. Nxg4 hxg4 21. Rfc1 bxc4
22. Rxc4 Qb6 23. Rac1 Bd7 24. b4 Reb8 25. Qf4 Be5 26. Qg5 axb4 27. axb4 Ra2 28.
Bf1 Kg7 29. h5 Rh8 30. Qe7 Be6 31. Rxc6 Qxb4 32. Rc7 Bb3 $2 (32... Kh6 33. hxg6
Kxg6 $16) 33. hxg6 Kxg6 34. Nf4+ Bxf4 35. gxf4 Qd2 36. Qg5+ Kh7 37. Qh4+ Kg7
38. Qxg4+ Kh7 39. Qh4+ Kg7 40. Qg3+ Kh7 41. Rc8 Rxc8 42. Rxc8 f6 43. Rc7+ Kh6
44. Qh4+ 1-0

[Event "EU-ch 13th"]
[Site "Plovdiv"]
[Date "2012.03.28"]
[Round "8"]
[White "Sedlak, Nikola"]
[Black "Smirnov, Artem"]
[Result "1-0"]
[WhiteElo "2593"]
[BlackElo "2436"]
[Annotator "Let's Check Training"]
[PlyCount "75"]
[EventDate "2012.03.20"]
[EventType "swiss"]
[EventRounds "11"]
[EventCountry "BUL"]
[SourceTitle "CBM 148"]
[Source "ChessBase"]
[SourceDate "2012.05.16"]
[SourceVersion "1"]
[SourceVersionDate "2012.05.16"]
[SourceQuality "1"]

1. c4 Nf6 2. Nc3 e5 3. Nf3 Nc6 4. d3 g6 5. g3 Bg7 6. Bg2 O-O 7. O-O d6 8. Rb1
h6 9. b4 a6 10. a4 Nd4 11. Nd2 Nh7 12. b5 axb5 13. cxb5 h5 14. Nc4 h4 15. b6 c6
16. Ba3 d5 17. Nd6 hxg3 18. hxg3 Ng5 19. e3 Nde6 20. Nxc8 Qxc8 21. Bxf8 Qxf8
22. e4 dxe4 23. dxe4 Qc5 24. Qd7 Qxc3 25. Qxb7 Rf8 26. Qe7 $6 (26. Qa7 Nf3+ 27.
Kh1 $18) 26... Nf3+ $16 27. Kh1 Nd2 $6 (27... Qd3 28. b7 Rb8 $14) {[%tqu "En",
"","","","b6b7","",10]} 28. b7 $1 $18 Nxb1 29. Rxb1 Rb8 30. Qd6 Rxb7 31. Rxb7
Qe1+ 32. Kh2 Qxf2 33. Qd1 Qe3 $2 (33... Qa2 34. Qd7 Nd4 $16) 34. a5 Qh6+ 35.
Bh3 Ng5 36. Qf1 Nxh3 37. Qxf7+ Kh7 38. Qxg7+ $1 1-0

[Event "ROM-chT"]
[Site "Sovata"]
[Date "1998.??.??"]
[Round "1"]
[White "Suba, Mihai"]
[Black "Nisipeanu, Liviu Dieter"]
[Result "1/2-1/2"]
[WhiteElo "2535"]
[BlackElo "2610"]
[Annotator "Marin,M"]
[PlyCount "92"]
[EventDate "1998.??.??"]
[EventType "team"]
[EventRounds "5"]
[EventCountry "ROU"]
[SourceTitle "EXT 1999"]
[Source "ChessBase"]
[SourceDate "1998.11.16"]
[SourceVersion "1"]
[SourceVersionDate "1998.11.16"]
[SourceQuality "1"]

1. c4 Nf6 2. Nc3 g6 3. Nf3 Bg7 4. g3 O-O 5. Bg2 d6 6. O-O Nc6 7. d3 e5 8. Rb1
a5 9. a3 h6 10. b4 axb4 11. axb4 Be6 12. b5 Ne7 13. Qb3 Qc8 (13... Qd7 $142)
14. Ba3 Re8 (14... Bh3 $2 15. Nxe5) 15. b6 c5 16. Nb5 Rd8 17. Nc7 Rb8 18. Bb2 (
18. Nxe6 $14) 18... Bh3 19. Ra1 Bxg2 20. Kxg2 Nh5 21. Nd2 f5 22. f3 Nf6 23. Nb1
h5 24. Nc3 f4 25. gxf4 exf4 26. Ne4 $16 Qf5 27. Rg1 Nc6 28. Kh1 Nxe4 29. dxe4
Qf7 30. Rxg6 $1 Qxg6 31. Rg1 Qxg1+ 32. Kxg1 Nd4 33. Bxd4 Bxd4+ 34. Kg2 Kf7 35.
Kh3 Kf6 36. Qb1 (36. Nd5+ Ke5 37. Qd3 Rg8 38. e3 $16) 36... Ke5 37. Qe1 (37.
Nd5 Rg8 38. Ne7 Rg1 39. Qa2 Ra1 40. Qd2 {/\Ng6} Rg1 41. Nf5 $18) 37... h4 $1
38. Nd5 (38. Kxh4 Rh8+ 39. Kg4 Rbg8#) 38... Rg8 39. Ne7 Rg1 40. Qd2 Rh8 41. Nf5
Rg3+ $1 42. hxg3 hxg3+ 43. Nh4 (43. Kg2 Rh2+ 44. Kf1 g2+ 45. Ke1 g1=Q#) 43...
Rxh4+ 44. Kxh4 g2 45. e3 g1=Q 46. exd4+ cxd4 (46... Qxd4 47. Qg2 $16 Qxc4 $2
48. Qg7+ Ke6 49. Qg8+ $18) 1/2-1/2

[Event "ROM-chT"]
[Site "Baile Tusnad"]
[Date "1997.??.??"]
[Round "?"]
[White "Foisor, Ovidiu Doru"]
[Black "Istratescu, Andrei"]
[Result "0-1"]
[WhiteElo "2440"]
[BlackElo "2545"]
[Annotator "Marin,M"]
[PlyCount "74"]
[EventDate "1997.??.??"]
[EventType "team"]
[EventRounds "5"]
[EventCountry "ROU"]
[SourceTitle "EXT 1999"]
[Source "ChessBase"]
[SourceDate "1998.11.16"]
[SourceVersion "1"]
[SourceVersionDate "1998.11.16"]
[SourceQuality "1"]

1. c4 Nf6 2. Nf3 g6 3. g3 Bg7 4. Bg2 O-O 5. O-O d6 6. Nc3 Nc6 7. Rb1 a5 8. a3
e5 9. d3 h6 10. b4 axb4 11. axb4 Be6 12. Nd2 d5 13. b5 Ne7 14. Na4 b6 15. Ba3
Re8 16. Bxe7 Qxe7 17. Qc2 $6 (17. cxd5 $5) 17... e4 $1 18. dxe4 (18. cxd5 exd3
$1 19. Qxd3 Bf5 20. e4 Nxe4 $17) 18... dxe4 19. e3 (19. Nxe4 Bf5 20. Nxf6+ Bxf6
21. e4 Bxe4 22. Bxe4 Qxe4 23. Qb3 Bd4 $17) 19... Bf5 20. Nc3 Rad8 21. Nb3 Rd3
22. Ne2 g5 23. Ned4 Bg6 24. Nc6 Qd6 25. c5 Qd7 26. Rfc1 Nd5 27. cxb6 cxb6 28.
Nbd4 h5 29. Qc4 h4 30. Ra1 hxg3 31. hxg3 Qd6 32. Ra7 Kh8 33. g4 {[#]} Nxe3 $1
34. fxe3 Qg3 35. Ne2 (35. Nf5 Bxf5 36. gxf5 Rd2 37. Qf1 Rxg2+ 38. Qxg2 Qxe3+
39. Kh2 Qxc1 $17) 35... Qxe3+ 36. Kf1 Re6 37. Ne7 Rf6+ (37... Rf6+ 38. Nf5 Bxf5
39. gxf5 Rxf5+ 40. Ke1 Qf2#) 0-1

[Event "Munich SKA"]
[Site "Munich"]
[Date "1991.05.16"]
[Round "11"]
[White "Hertneck, Gerald"]
[Black "Polgar, Zsuzsa"]
[Result "1/2-1/2"]
[WhiteElo "2535"]
[BlackElo "2510"]
[Annotator "Polgar,Zsu"]
[PlyCount "75"]
[EventDate "1991.05.04"]
[EventType "tourn"]
[EventRounds "13"]
[EventCountry "GER"]
[EventCategory "14"]
[SourceTitle "CBM 023"]
[Source "ChessBase"]
[SourceDate "1991.08.01"]
[SourceVersion "1"]
[SourceVersionDate "1991.08.01"]
[SourceQuality "1"]

1. c4 {Ribli} e5 2. g3 Nc6 3. Bg2 g6 4. Nc3 Bg7 5. Rb1 f5 6. d3 Nf6 7. b4 a6 {
7...d6 8.b5 Ne7 9.Nf3 h6 10.0-0 g5 11.a4 Nd7 12.Ne1 Nc5 13.e3 0-0 14.d4 Ne6 15.
Nc2 ed4 16.ed4 f4=+ Pfleger-Larsen,Manilla 1974 -18/41.15.de5 de5 16.Ba3 +=} 8.
Nf3 (8. a4 {Ribli} O-O 9. b5 axb5 10. axb5 Ne7 11. Nf3 d6 12. O-O h6 13. Qb3
Be6 $13) 8... d6 9. O-O h6 10. Nd2 {10.a4 Be6} g5 $5 {10...0-0} 11. a4 Ne7 $1
12. b5 axb5 13. axb5 {13.cb5 d5} c6 $1 {13...h5? 14.Nf3!} 14. Qb3 Be6 15. Ba3
Kf7 16. Ra1 g4 17. Rfb1 {17.Bb2!?} Qd7 18. Bc1 {18.bc6 bc6 19.Qb4 Rhd8 unlear}
h5 19. Nf1 h4 20. Bg5 {20.Ra8 Ra8 21.gh4?! Ng6 with compensation} hxg3 {
20...h3!} 21. hxg3 Kg6 22. Bh4 {22.Bf6 Bf6 =+;22.Bd2} d5 $1 $15 23. Rxa8 Rxa8
24. bxc6 {24.Na4?dc4 25.dc4 Qd4 clearly better for Black} bxc6 25. cxd5 cxd5
26. Qb7 Ra7 27. Qxd7 Rxd7 28. Rb6 Kf7 29. Nb5 Nc8 30. Rc6 Na7 31. Nxa7 Rxa7 32.
Ne3 e4 33. dxe4 {33.d4 Nh5 and f4 next} dxe4 $6 {33...fe4=+;33...Ne4!?} 34. Bf1
Nd7 35. Bg5 Bd4 36. Nc2 Be5 37. Bf4 Bf6 38. Rc7 1/2-1/2